USA a studená vojna politika amerického imperializmu v Európe 1945-1949

Bibliographic Details
Main Author: Petruf, Pavol, 1946- (Author)
Format: Book
Language:Slovak
PhysicalDescription:277 s. 20 cm
Published: Bratislava Pravda 1985
Edition:1. vyd.
Series:Členská knižnica Pravda
Subjects:

MARC

LEADER 00000cam a2200000 a 4500
001 vtls001086656
003 SK-MaSNL
005 20260301181954.0
008 240226s1985 xo gr 000 0 slo
015 |a SNBA1986/01 
020 |q (viazané) 
035 |a SNK000029496 
035 |a 566A4ADC-C6AB-4348-9367-F280F24D18B6 
035 |a urn:nbn:sk:snk-am00ii6p 
040 |a SNK  |b slo  |c SNK  |e AACR2 
041 0 |a slo 
043 |a n-xxu-- 
044 |a xo  |c SK 
072 7 |a 327  |x Medzinárodné vzťahy, svetová politika  |2 konspekt 
080 |a 327  |2 2011 
080 |a (73)  |2 2011 
080 |a (048.8)  |2 2011 
100 1 |a Petruf, Pavol,  |d 1946-  |4 aut  |9 102871 
245 1 0 |a USA a studená vojna  |b politika amerického imperializmu v Európe 1945-1949  |c Pavol Petruf 
250 |a 1. vyd. 
260 |a Bratislava  |b Pravda  |c 1985  |e Bratislava  |f Pravda 
300 |a 277 s.  |c 20 cm 
366 |e 3500 výtl. 
490 1 |a Členská knižnica Pravda 
504 |a Bibliografia na strane 271-277, bibliografické odkazy 
648 7 |a 1945-1949  |2 SNKPH  |9 289483 
650 0 7 |a zahraničná politika  |2 SNKPH  |9 971 
650 0 7 |a Foreign policy  |2 SNKPHeng  |9 266402 
651 7 |a Spojené štáty americké  |2 SNKPHgeo  |9 18262 
651 7 |a United States  |2 SNKPHeng  |9 281561 
655 7 |a monografie  |2 SNKPH  |9 70139 
655 7 |a Monographs  |2 SNKPHeng  |9 120675 
830 0 |a Členská knižnica Pravda  |9 276635 
852 |a Slovenská národná knižnica 
954 |a odborná, vedecká literatúra pôvodná (slovenská)  |2 lita 
958 |a OND 
958 |a NB 
958 |a US 
958 |a EUIPO 
999 |c 851978  |d 853908 
952 |t P60, <04>, [BOOK], {604}  |a SNK  |b SNK  |y VYP  |7 0  |p 17A0062363  |o snkSC 64910 D1  |0 0  |1 0  |4 0  |d 1997-04-25  |l 0  |r 2004-12-31 00:00:00  |w 2026-02-24 
952 |a SNK  |b SNK  |y PREZ  |7 0  |p 17A0916614  |o snkSC 64910  |i snkKSP 10173/85  |0 0  |1 0  |4 0  |d 2012-08-07  |f 1  |l 0  |r 2025-07-03 00:00:00  |w 2026-02-24